000 00454nam a2200133Ia 4500
008 100328s9999 xx 000 0 und d
082 _b66450
100 _aकुकडे सुमती.
245 _aआपले शरीर अदभुत कोडे.
260 _bमाुराज.
630 _aआपले शरीर अदभुत कोडे.
730 _aआपले शरीर अदभुत कोडे.
942 _cBOOK
999 _c552189
_d552186